000
00266nam a22001217a 4500
008
180807b xxu||||| |||| 00| 0 eng d
082
_a
813.52
245
_a
Windows
_c
Webster's.M
260
_c
2001
300
_a
1
_f
CD
440
_x
INSDLX0102
942
_2
ddc
_c
MX
999
_c
46915
_d
46915